Electrical machine / (Record no. 592094)

000 -LEADER
fixed length control field 00659nam a22001577a 4500
003 - CONTROL NUMBER IDENTIFIER
control field NUST
020 ## - INTERNATIONAL STANDARD BOOK NUMBER
International Standard Book Number 9788131517994
082 ## - DEWEY DECIMAL CLASSIFICATION NUMBER
Classification number 621.31042,SRI
100 ## - MAIN ENTRY--PERSONAL NAME
Personal name Srivastava, R. K.
9 (RLIN) 91862
245 ## - TITLE STATEMENT
Title Electrical machine /
Statement of responsibility, etc. R. K. Srivastava
250 ## - EDITION STATEMENT
Edition statement 2nd ed.
260 ## - PUBLICATION, DISTRIBUTION, ETC.
Place of publication, distribution, etc. India
Name of publisher, distributor, etc. Patparganj
Date of publication, distribution, etc. 2013
300 ## - PHYSICAL DESCRIPTION
Extent vii,686 P.;
505 ## - FORMATTED CONTENTS NOTE
Formatted contents note Basic Laws of Electromechanical Energy Conversion (Page-1), Forcess in a Eletromagnetic System (Page-43), Dirict Current Machines (Page-193), Induction Machines (Page-303), Synchronous Machines (Page-441), Special Motors and Introduction to FGenralized Machine Theory (Page-585).
942 ## - ADDED ENTRY ELEMENTS (KOHA)
Source of classification or shelving scheme
Koha item type Book
Call number prefix 621.31042,SRI
Holdings
Withdrawn status Lost status Source of classification or shelving scheme Damaged status Not for loan Permanent Location Current Location Shelving location Date acquired Total Checkouts Full call number Barcode Date last seen Price effective from Koha item type Public note
          Military College of Signals (MCS) Military College of Signals (MCS) General Stacks 10/28/2022   621.31042,SRI MCS37762 10/28/2022 10/28/2022 Book Almirah No.29, Shelf No.1
© 2023 Central Library, National University of Sciences and Technology. All Rights Reserved.